Analýza výdavkov domácností v členení podľa počtu nezaopatrených detí bakalárska práca

Salvato in:
Dettagli Bibliografici
Autore principale: Hunya, Patrik
Ente Autore: Fakulta hospodárskej informatiky EU. Katedra štatistiky
Altri autori: Sušienková, Katarína, 1967-
Natura: Libro
Lingua:slovacco
Pubblicazione: Bratislava 2011
Tags: Aggiungi Tag
Nessun Tag, puoi essere il primo ad aggiungerne!!

MARC

LEADER 00000nbm a2200000 4500
001 0141263
005 20161109111746.0
041 0 |a slo 
044 |a SK 
245 1 0 |a Analýza výdavkov domácností v členení podľa počtu nezaopatrených detí  |b bakalárska práca  |c Patrik Hunya ; školiteľ: Katarína Sušienková 
264 1 |a Bratislava  |c 2011 
300 |a 46 s. 
100 1 |a Hunya, Patrik 
700 1 |a Sušienková, Katarína, 1967- 
710 2 |a Fakulta hospodárskej informatiky EU. Katedra štatistiky